Statistics for 1 or 2 Click Quiz

Click here to take the quiz!

General Stats

  • This quiz has been taken 25,870 times
  • The average score is 20 of 30

Answer Stats

HintAnswer% Correct
An odd number1
78%
Number of countries whose names start with Z2
78%
The average person has this many kidneys2
78%
Represented by the prefix "mono"1
77%
In chess, each player starts with this many knights2
77%
Number of English monarchs named Elizabeth2
77%
Number of countries with a population over 1 billion2
76%
Number of countries whose names start with Q1
74%
In Spanish, it starts with the letter U1
74%
Number of U.S. Presidents with the last name Roosevelt2
73%
Multiply 25x5. What's the first digit?1
70%
Number of people who walked on the moon
during Apollo 11, the first mission to land on the moon
2
70%
Number of dice in a standard Monopoly board game2
69%
Shift + this number = @2
68%
Is its own square root1
67%
Landlocked countries in South America2
67%
If you are up 15-love in tennis, you've scored this many points1
65%
Points for the letter E in Scrabble1
63%
Looks like this in Chinese: 二2
63%
Atomic number of Helium2
63%
Number of moons of Mars2
62%
Times that England has won the FIFA World Cup1
60%
Countries which have left the EU1
59%
Humps on a Bactrian camel2
59%
A homophone of a word that starts with W1
58%
Points for making a free throw in basketball1
53%
Number of Periodic Table elements starting with X1
53%
Number of consuls elected annually in ancient Rome2
53%
Number of wives that Bill Clinton has had1
51%
A prime number2
46%

Score Distribution

Percentile by Number Answered

Percent of People with Each Score

Your Score History

You have not taken this quiz